Los desafíos de la educación ante los nuevos procesos productivos (Registro nro. 22600)

Detalles MARC
000 -LEADER
fixed length control field 00374 a2200109 4500
001 - CONTROL NUMBER
control field ART_4717
005 - DATE AND TIME OF LATEST TRANSACTION
control field 20260410161824.0
008 - FIXED-LENGTH DATA ELEMENTS--GENERAL INFORMATION
fixed length control field 260409a
100 1# - MAIN ENTRY--PERSONAL NAME
Personal name Filmus, Daniel
245 10 - TITLE STATEMENT
Title Los desafíos de la educación ante los nuevos procesos productivos
773 0# - HOST ITEM ENTRY
Title Revista de trabajo
Related parts Formación profesional - Año 1, Nº 1 (mar./abr. 1994)
Record control number REV4713

No hay ítems disponibles.